<?xml version="1.0" encoding="UTF-8"?>
<record
    xmlns:xsi="http://www.w3.org/2001/XMLSchema-instance"
    xsi:schemaLocation="http://www.loc.gov/MARC21/slim http://www.loc.gov/standards/marcxml/schema/MARC21slim.xsd"
    xmlns="http://www.loc.gov/MARC21/slim">

  <leader>00434    a2200109   4500</leader>
  <controlfield tag="001">ART_41634</controlfield>
  <controlfield tag="005">20260410162023.0</controlfield>
  <controlfield tag="008">260409a                                 </controlfield>
  <datafield tag="245" ind1="1" ind2="0">
    <subfield code="a">Contrataci&#xF3;n de investigaci&#xF3;n y desarrollo con la universidad</subfield>
  </datafield>
  <datafield tag="100" ind1="1" ind2=" ">
    <subfield code="a">Correa, Carlos Mar&#xED;a</subfield>
  </datafield>
  <datafield tag="773" ind1="0" ind2=" ">
    <subfield code="t">Revista del derecho industrial</subfield>
    <subfield code="g">Contratos de investigaci&#xF3;n : Vinculaci&#xF3;n Universidad-Empresa - A&#xF1;o XIV, N&#xBA; 40 (ene./abr. 1992)</subfield>
    <subfield code="w">REV41547</subfield>
  </datafield>
  <datafield tag="999" ind1=" " ind2=" ">
    <subfield code="c">33320</subfield>
    <subfield code="d">33320</subfield>
  </datafield>
</record>
